000 00449nam a2200133Ia 4500
008 170516s9999 xx 000 0 und d
245 _aComputed tomographic findings of radiation-induced acute adrenal injury with associated radiation nephropathy: a case report
260 _bActa Radiologica Open
260 _c2013
300 _a2:7
650 _xRadiologic Technology
650 _xRadtech
856 _uhttp://journals.sagepub.com/toc/arra/2/7
999 _c332273
_d332273